Tercer Congrés de Mercats Municipals [Enregistrament de vídeo] : resum d'activitats resum d'activitats
Publicado:
Barcelona :
Diputació de Barcelona. Àrea de Comerç. Oficina de Mercats i Fires Locals ,
2009
Descripción Física:
1 disc òptic (DVD) ca. 19 min : col., so
MARC
| LEADER | 00000ngm a2200000Ia 4500 | ||
|---|---|---|---|
| 001 | 23328 | ||
| 007 | co aa aaaaa | ||
| 008 | 160829s2009 xx 000 0 cat d | ||
| 080 | |a CD-1-204 | ||
| 245 | |a Tercer Congrés de Mercats Municipals [Enregistrament de vídeo] : |b resum d'activitats | ||
| 260 | |a Barcelona : |b Diputació de Barcelona. Àrea de Comerç. Oficina de Mercats i Fires Locals, |c 2009 | ||
| 300 | |a 1 disc òptic (DVD) ca. 19 min : |b col., so | ||
| 590 | |a Celebrat l'11 de maig de 2009 a l'Auditori Municipal de Vilafranca del Penedès. | ||
| 590 | |a També conté la versió digital de l'edició en paper (R. 22354) | ||
| 650 | |a Mercats coberts |x Barcelona (Província) |x Congressos |9 47796 | ||
| 655 | 0 | |9 54986 |a DVD | |
| 710 | 1 | |a Barcelona (Catalunya : Província). |b Oficina de Mercats i Fires Locals |9 53630 | |
| 901 | |a Arxiu | ||
| 942 | |n 1 |2 udc | ||
| 952 | |0 0 |1 0 |4 0 |6 CD1204 |7 1 |9 54775 |a Arxiu |b Arxiu |d 2011-11-15 |l 0 |o CD-1-204 |p 23328 |r 2016-12-01 00:00:00 |w 2016-12-01 |y ARXIU | ||
| 999 | |c 58644 |d 58644 | ||